Kinderfilmcharaktere (deutsch) - Statistiken

Allgemein
  • Dieses Quiz wurde 72 mal gespielt
  • Das Durchschnittsergebnis liegt bei 6 aus 15
Antwortstatistiken
Bildquiz Antwort % Korrekt
Willi
88%
Petterson und Findus
77%
Annika
63%
Alm Öhi
50%
der dicke Michi
48%
Michel aus Lönneberga
44%
Snorre
44%
Beutolomäus
41%
Fabian
27%
Rumpelstilzchen
22%
Wachtmeister Dimpfelmoser
20%
Petrusilius Zwackelmann
13%
Pony Hütchen
9%
Anton Mohn
6%
Fitzgerald Daume
5%
Keine übereinstimmenden Quizze gefunden
Verteilung der Resultate
Anzahl Personen mit jedem Resultat
Perzentil nach korrekt beantworteten Fragen
Ihre Resultats-Entwicklung
Sie haben dieses Quiz noch nicht gespielt